LIBRARY & INFORMATION CENTRE, KCAET, TAVANUR

ONLINE PUBLIC ACCESS CATALOGUE (OPAC)

Classical mechanics / (Record no. 2165)

MARC details
000 -LEADER
fixed length control field 00422cam a2200169ua 4500
041 ## - LANGUAGE CODE
Language code of text/sound track or separate title eng
082 ## - DEWEY DECIMAL CLASSIFICATION NUMBER
Classification number 531
Item number GOL/CL
100 ## - MAIN ENTRY--AUTHOR NAME
Personal name Goldslein, Herbert .
245 ## - TITLE STATEMENT
Title Classical mechanics /
260 ## - PUBLICATION, DISTRIBUTION, ETC. (IMPRINT)
Place of publication :
Name of publisher Addison-Wesley Publishing Company ,
Year of publication 1950.
300 ## - PHYSICAL DESCRIPTION
Number of Pages 399 ; .
942 ## - ADDED ENTRY ELEMENTS (KOHA)
Koha item type Books
Holdings
Withdrawn status Lost status Damaged status Home library Current library Date acquired Full call number Accession Number Koha item type
Withdrawn     KAUAET KAUAET 07/04/2012 531 8005 Books
free website counter